000 00371nam a22001457a 4500
008 210303b ||||| |||| 00| 0 eng d
020 _a00660833
041 _aeng
080 _a617
082 _a617
100 _a5
101 _aKIR
245 _aTransactions of the one hundred and eighth meeting of the American Surgical Association
_cWells, S.A
942 _2udc
_cBK
999 _c55614
_d55614